<?xml version="1.0" encoding="UTF-8"?>
<collection xmlns="http://www.loc.gov/MARC21/slim">
 <record>
  <leader>03788nam a22004097a 4500</leader>
  <controlfield tag="001">NCT_18498</controlfield>
  <controlfield tag="008">171108b        xxu||||| |||| 00| 0 vie d</controlfield>
  <datafield tag="999" ind1=" " ind2=" ">
   <subfield code="c">876</subfield>
   <subfield code="d">876</subfield>
  </datafield>
  <datafield tag="020" ind1=" " ind2=" ">
   <subfield code="c">85000</subfield>
  </datafield>
  <datafield tag="082" ind1="1" ind2="4">
   <subfield code="2">22rd ed.</subfield>
   <subfield code="a">657.0285</subfield>
   <subfield code="b">Â121/T.3</subfield>
  </datafield>
  <datafield tag="100" ind1="1" ind2=" ">
   <subfield code="a">Nguyễn Phước Bảo Ấn</subfield>
   <subfield code="e">Chủ biên</subfield>
  </datafield>
  <datafield tag="245" ind1="1" ind2="0">
   <subfield code="a">Hệ thống thông tin kế toán</subfield>
   <subfield code="n">Tập 3</subfield>
   <subfield code="c">Nguyễn Phước Bảo Ấn (chủ biên) ; Thái Phúc Huy, Lương Đức Phụng...</subfield>
  </datafield>
  <datafield tag="260" ind1=" " ind2=" ">
   <subfield code="a">Tp.HCM</subfield>
   <subfield code="b">Phương Đông</subfield>
   <subfield code="c">2012</subfield>
  </datafield>
  <datafield tag="300" ind1=" " ind2=" ">
   <subfield code="a">398tr.</subfield>
   <subfield code="b">minh họa</subfield>
   <subfield code="c">24cm</subfield>
  </datafield>
  <datafield tag="520" ind1="3" ind2=" ">
   <subfield code="a">Nội dung tài liệu trình bày trình bày tổng quan về chu trình phát triển hệ thống và hai giai đoạn đầu tiên của chu trình; Tổ chức Triển khai, Thực hiện và Vận hành Hệ thống Thông tin Kế toán;hướng dẫn tổ chức, triển khai, sử dụng một phần mềm kế toán</subfield>
  </datafield>
  <datafield tag="653" ind1=" " ind2=" ">
   <subfield code="a">Kế toán</subfield>
  </datafield>
  <datafield tag="655" ind1=" " ind2=" ">
   <subfield code="a">Kế toán</subfield>
  </datafield>
  <datafield tag="700" ind1="1" ind2=" ">
   <subfield code="a">Thái Phúc Huy</subfield>
  </datafield>
  <datafield tag="700" ind1="1" ind2=" ">
   <subfield code="a">Lương Đức Thuận</subfield>
  </datafield>
  <datafield tag="710" ind1="2" ind2=" ">
   <subfield code="a">Trường Đại học Kinh tế Tp.HCM</subfield>
  </datafield>
  <datafield tag="942" ind1=" " ind2=" ">
   <subfield code="2">ddc</subfield>
   <subfield code="c">BK</subfield>
  </datafield>
  <datafield tag="952" ind1=" " ind2=" ">
   <subfield code="0">0</subfield>
   <subfield code="1">0</subfield>
   <subfield code="2">ddc</subfield>
   <subfield code="4">0</subfield>
   <subfield code="6">657_028500000000000_Â121_T_3</subfield>
   <subfield code="7">0</subfield>
   <subfield code="9">10464</subfield>
   <subfield code="a">000001</subfield>
   <subfield code="b">000001</subfield>
   <subfield code="d">2018-06-13</subfield>
   <subfield code="o">657.0285 Â121/T.3</subfield>
   <subfield code="p">MD.07341</subfield>
   <subfield code="r">2018-06-13</subfield>
   <subfield code="v">85000.00</subfield>
   <subfield code="w">2018-06-13</subfield>
   <subfield code="y">BK</subfield>
  </datafield>
  <datafield tag="952" ind1=" " ind2=" ">
   <subfield code="0">0</subfield>
   <subfield code="1">0</subfield>
   <subfield code="2">ddc</subfield>
   <subfield code="4">0</subfield>
   <subfield code="6">657_028500000000000_Â121_T_3</subfield>
   <subfield code="7">0</subfield>
   <subfield code="9">10465</subfield>
   <subfield code="a">000001</subfield>
   <subfield code="b">000001</subfield>
   <subfield code="d">2018-06-13</subfield>
   <subfield code="l">1</subfield>
   <subfield code="o">657.0285 Â121/T.3</subfield>
   <subfield code="p">MD.07342</subfield>
   <subfield code="r">2019-08-15</subfield>
   <subfield code="s">2019-08-12</subfield>
   <subfield code="v">85000.00</subfield>
   <subfield code="w">2018-06-13</subfield>
   <subfield code="y">BK</subfield>
  </datafield>
  <datafield tag="952" ind1=" " ind2=" ">
   <subfield code="0">0</subfield>
   <subfield code="1">0</subfield>
   <subfield code="2">ddc</subfield>
   <subfield code="4">0</subfield>
   <subfield code="6">657_028500000000000_Â121_T_3</subfield>
   <subfield code="7">0</subfield>
   <subfield code="9">10466</subfield>
   <subfield code="a">000001</subfield>
   <subfield code="b">000001</subfield>
   <subfield code="d">2018-06-13</subfield>
   <subfield code="o">657.0285 Â121/T.3</subfield>
   <subfield code="p">MD.07343</subfield>
   <subfield code="r">2018-06-13</subfield>
   <subfield code="v">85000.00</subfield>
   <subfield code="w">2018-06-13</subfield>
   <subfield code="y">BK</subfield>
  </datafield>
  <datafield tag="952" ind1=" " ind2=" ">
   <subfield code="0">0</subfield>
   <subfield code="1">0</subfield>
   <subfield code="2">ddc</subfield>
   <subfield code="4">0</subfield>
   <subfield code="6">657_028500000000000_Â121_T_3</subfield>
   <subfield code="7">0</subfield>
   <subfield code="9">10467</subfield>
   <subfield code="a">000001</subfield>
   <subfield code="b">000001</subfield>
   <subfield code="d">2018-06-13</subfield>
   <subfield code="o">657.0285 Â121/T.3</subfield>
   <subfield code="p">MD.07344</subfield>
   <subfield code="r">2018-06-13</subfield>
   <subfield code="v">85000.00</subfield>
   <subfield code="w">2018-06-13</subfield>
   <subfield code="y">BK</subfield>
  </datafield>
  <datafield tag="952" ind1=" " ind2=" ">
   <subfield code="0">0</subfield>
   <subfield code="1">0</subfield>
   <subfield code="2">ddc</subfield>
   <subfield code="4">0</subfield>
   <subfield code="6">657_028500000000000_Â121_T_3</subfield>
   <subfield code="7">0</subfield>
   <subfield code="9">10468</subfield>
   <subfield code="a">000001</subfield>
   <subfield code="b">000001</subfield>
   <subfield code="d">2018-06-13</subfield>
   <subfield code="o">657.0285 Â121/T.3</subfield>
   <subfield code="p">MD.07345</subfield>
   <subfield code="r">2018-06-13</subfield>
   <subfield code="v">85000.00</subfield>
   <subfield code="w">2018-06-13</subfield>
   <subfield code="y">BK</subfield>
  </datafield>
  <datafield tag="952" ind1=" " ind2=" ">
   <subfield code="0">0</subfield>
   <subfield code="1">0</subfield>
   <subfield code="2">ddc</subfield>
   <subfield code="4">0</subfield>
   <subfield code="6">657_028500000000000_Â121_T_3</subfield>
   <subfield code="7">0</subfield>
   <subfield code="9">10469</subfield>
   <subfield code="a">000001</subfield>
   <subfield code="b">000001</subfield>
   <subfield code="d">2018-06-13</subfield>
   <subfield code="o">657.0285 Â121/T.3</subfield>
   <subfield code="p">MD.07346</subfield>
   <subfield code="r">2018-06-13</subfield>
   <subfield code="v">85000.00</subfield>
   <subfield code="w">2018-06-13</subfield>
   <subfield code="y">BK</subfield>
  </datafield>
  <datafield tag="952" ind1=" " ind2=" ">
   <subfield code="0">0</subfield>
   <subfield code="1">0</subfield>
   <subfield code="2">ddc</subfield>
   <subfield code="4">0</subfield>
   <subfield code="6">657_028500000000000_Â121_T_3</subfield>
   <subfield code="7">0</subfield>
   <subfield code="9">10470</subfield>
   <subfield code="a">000001</subfield>
   <subfield code="b">000001</subfield>
   <subfield code="d">2018-06-13</subfield>
   <subfield code="o">657.0285 Â121/T.3</subfield>
   <subfield code="p">MD.07347</subfield>
   <subfield code="r">2018-06-13</subfield>
   <subfield code="v">85000.00</subfield>
   <subfield code="w">2018-06-13</subfield>
   <subfield code="y">BK</subfield>
  </datafield>
  <datafield tag="952" ind1=" " ind2=" ">
   <subfield code="0">0</subfield>
   <subfield code="1">0</subfield>
   <subfield code="2">ddc</subfield>
   <subfield code="4">0</subfield>
   <subfield code="6">657_028500000000000_Â121_T_3</subfield>
   <subfield code="7">0</subfield>
   <subfield code="9">10471</subfield>
   <subfield code="a">000001</subfield>
   <subfield code="b">000001</subfield>
   <subfield code="d">2018-06-13</subfield>
   <subfield code="o">657.0285 Â121/T.3</subfield>
   <subfield code="p">MD.07348</subfield>
   <subfield code="r">2018-06-13</subfield>
   <subfield code="v">85000.00</subfield>
   <subfield code="w">2018-06-13</subfield>
   <subfield code="y">BK</subfield>
  </datafield>
  <datafield tag="952" ind1=" " ind2=" ">
   <subfield code="0">0</subfield>
   <subfield code="1">0</subfield>
   <subfield code="2">ddc</subfield>
   <subfield code="4">0</subfield>
   <subfield code="6">657_028500000000000_Â121_T_3</subfield>
   <subfield code="7">0</subfield>
   <subfield code="9">10472</subfield>
   <subfield code="a">000001</subfield>
   <subfield code="b">000001</subfield>
   <subfield code="d">2018-06-13</subfield>
   <subfield code="o">657.0285 Â121/T.3</subfield>
   <subfield code="p">MD.07349</subfield>
   <subfield code="r">2018-06-13</subfield>
   <subfield code="v">85000.00</subfield>
   <subfield code="w">2018-06-13</subfield>
   <subfield code="y">BK</subfield>
  </datafield>
  <datafield tag="952" ind1=" " ind2=" ">
   <subfield code="0">0</subfield>
   <subfield code="1">0</subfield>
   <subfield code="2">ddc</subfield>
   <subfield code="4">0</subfield>
   <subfield code="6">657_028500000000000_Â121_T_3</subfield>
   <subfield code="7">0</subfield>
   <subfield code="9">10473</subfield>
   <subfield code="a">000001</subfield>
   <subfield code="b">000001</subfield>
   <subfield code="d">2018-06-13</subfield>
   <subfield code="o">657.0285 Â121/T.3</subfield>
   <subfield code="p">MD.07350</subfield>
   <subfield code="r">2018-06-13</subfield>
   <subfield code="v">85000.00</subfield>
   <subfield code="w">2018-06-13</subfield>
   <subfield code="y">BK</subfield>
  </datafield>
  <datafield tag="952" ind1=" " ind2=" ">
   <subfield code="0">0</subfield>
   <subfield code="1">0</subfield>
   <subfield code="2">ddc</subfield>
   <subfield code="4">0</subfield>
   <subfield code="6">657_028500000000000_Â121_T_3</subfield>
   <subfield code="7">0</subfield>
   <subfield code="9">10474</subfield>
   <subfield code="a">000001</subfield>
   <subfield code="b">000001</subfield>
   <subfield code="d">2018-06-13</subfield>
   <subfield code="o">657.0285 Â121/T.3</subfield>
   <subfield code="p">MD.07351</subfield>
   <subfield code="r">2018-06-13</subfield>
   <subfield code="v">85000.00</subfield>
   <subfield code="w">2018-06-13</subfield>
   <subfield code="y">BK</subfield>
  </datafield>
  <datafield tag="952" ind1=" " ind2=" ">
   <subfield code="0">0</subfield>
   <subfield code="1">0</subfield>
   <subfield code="2">ddc</subfield>
   <subfield code="4">0</subfield>
   <subfield code="6">657_028500000000000_Â121_T_3</subfield>
   <subfield code="7">0</subfield>
   <subfield code="9">10475</subfield>
   <subfield code="a">000001</subfield>
   <subfield code="b">000001</subfield>
   <subfield code="d">2018-06-13</subfield>
   <subfield code="o">657.0285 Â121/T.3</subfield>
   <subfield code="p">MD.07352</subfield>
   <subfield code="r">2018-06-13</subfield>
   <subfield code="v">85000.00</subfield>
   <subfield code="w">2018-06-13</subfield>
   <subfield code="y">BK</subfield>
  </datafield>
  <datafield tag="952" ind1=" " ind2=" ">
   <subfield code="0">0</subfield>
   <subfield code="1">0</subfield>
   <subfield code="2">ddc</subfield>
   <subfield code="4">0</subfield>
   <subfield code="6">657_028500000000000_Â121_T_3</subfield>
   <subfield code="7">0</subfield>
   <subfield code="9">10476</subfield>
   <subfield code="a">000001</subfield>
   <subfield code="b">000001</subfield>
   <subfield code="d">2018-06-13</subfield>
   <subfield code="l">2</subfield>
   <subfield code="o">657.0285 Â121/T.3</subfield>
   <subfield code="p">MD.07353</subfield>
   <subfield code="r">2019-10-04</subfield>
   <subfield code="s">2019-10-01</subfield>
   <subfield code="v">85000.00</subfield>
   <subfield code="w">2018-06-13</subfield>
   <subfield code="y">BK</subfield>
  </datafield>
  <datafield tag="952" ind1=" " ind2=" ">
   <subfield code="0">0</subfield>
   <subfield code="1">0</subfield>
   <subfield code="2">ddc</subfield>
   <subfield code="4">0</subfield>
   <subfield code="6">657_028500000000000_Â121_T_3</subfield>
   <subfield code="7">0</subfield>
   <subfield code="9">10477</subfield>
   <subfield code="a">000001</subfield>
   <subfield code="b">000001</subfield>
   <subfield code="d">2018-06-13</subfield>
   <subfield code="o">657.0285 Â121/T.3</subfield>
   <subfield code="p">MD.07354</subfield>
   <subfield code="r">2018-06-13</subfield>
   <subfield code="v">85000.00</subfield>
   <subfield code="w">2018-06-13</subfield>
   <subfield code="y">BK</subfield>
  </datafield>
  <datafield tag="952" ind1=" " ind2=" ">
   <subfield code="0">0</subfield>
   <subfield code="1">0</subfield>
   <subfield code="2">ddc</subfield>
   <subfield code="4">0</subfield>
   <subfield code="6">657_028500000000000_Â121_T_3</subfield>
   <subfield code="7">0</subfield>
   <subfield code="9">15111</subfield>
   <subfield code="a">000001</subfield>
   <subfield code="b">000001</subfield>
   <subfield code="d">2019-01-08</subfield>
   <subfield code="o">657.0285 Â121/T.3</subfield>
   <subfield code="p">MD.14107</subfield>
   <subfield code="r">2019-01-08</subfield>
   <subfield code="v">85000.00</subfield>
   <subfield code="w">2019-01-08</subfield>
   <subfield code="y">BK</subfield>
  </datafield>
  <datafield tag="980" ind1=" " ind2=" ">
   <subfield code="a">Thư viện Trường Đại học Nam Cần Thơ</subfield>
  </datafield>
 </record>
</collection>
